<?xml version="1.0" encoding="UTF-8"?>
<marc:record xmlns:marc="http://www.loc.gov/MARC21/slim">
   <marc:leader>00000nam a2200000 a 4500</marc:leader>
   <marc:datafield ind1="1" ind2=" " tag="100">
      <marc:subfield code="a">Harrison, Paula</marc:subfield>
      <marc:subfield code="4">aut</marc:subfield>
      <marc:subfield code="e">Verfasser/-in</marc:subfield>
   </marc:datafield>
   <marc:datafield ind1="1" ind2=" " tag="100">
      <marc:subfield code="a">Lovlie, Jenny</marc:subfield>
   </marc:datafield>
   <marc:datafield ind1="1" ind2=" " tag="100">
      <marc:subfield code="a">Mannchen, Nadine</marc:subfield>
   </marc:datafield>
   <marc:datafield ind1=" " ind2=" " tag="653">
      <marc:subfield code="a">Diebstahl</marc:subfield>
   </marc:datafield>
   <marc:datafield ind1=" " ind2=" " tag="653">
      <marc:subfield code="a">Superheldin</marc:subfield>
   </marc:datafield>
   <marc:datafield ind1="0" ind2="0" tag="245">
      <marc:subfield code="a">Geheimauftrag bei Nacht</marc:subfield>
   </marc:datafield>
   <marc:datafield ind1="0" ind2="0" tag="245">
      <marc:subfield code="c">Paula Harrison. Ill. von Jenny Lovlie. Aus dem Engl. übers. von Nadine Mannchen</marc:subfield>
   </marc:datafield>
   <marc:datafield ind1=" " ind2="1" tag="264">
      <marc:subfield code="a">Bindlach</marc:subfield>
      <marc:subfield code="b">Loewe</marc:subfield>
      <marc:subfield code="c">2021</marc:subfield>
   </marc:datafield>
   <marc:datafield ind1="1" ind2=" " tag="490">
      <marc:subfield code="a">Kitty</marc:subfield>
      <marc:subfield code="v">02</marc:subfield>
   </marc:datafield>
   <marc:datafield ind1=" " ind2=" " tag="250">
      <marc:subfield code="a">1. Aufl.</marc:subfield>
   </marc:datafield>
   <marc:datafield ind1="1" ind2=" " tag="520">
      <marc:subfield code="a">Das Buch ist bei deiner Buchhandlung vor Ort und bei vielen Online-Buchshops erhältlich!Du bist mutiger, als du glaubst! Wenn der Mond die Stadt in geheimnisvolles Licht taucht, verwandelt sich Kitty in eine echte Superheldin mit besonderen Fähigkeiten. Nachts schleicht sich Kitty heimlich mit ihren Katzenfreunden ins Museum, um dort eine wertvolle Statue zu bestaunen: den Goldenen Tiger. Doch dann wird die Statue plötzlich gestohlen und die Freunde erhalten einen wichtigen Auftrag: Sie müssen den Täter unbedingt aufspüren! Wird Kitty es schaffen, den Goldenen Tiger noch vor dem Morgengrauen zurückzubringen?</marc:subfield>
   </marc:datafield>
   <marc:datafield ind1=" " ind2=" " tag="020">
      <marc:subfield code="a">9783743206816</marc:subfield>
      <marc:subfield code="9">9783743206816</marc:subfield>
   </marc:datafield>
   <marc:datafield ind1=" " ind2=" " tag="020">
      <marc:subfield code="a">3743206811</marc:subfield>
      <marc:subfield code="9">3743206811</marc:subfield>
   </marc:datafield>
   <marc:datafield ind1=" " ind2=" " tag="041">
      <marc:subfield code="a">ger</marc:subfield>
   </marc:datafield>
   <marc:datafield ind1=" " ind2=" " tag="300">
      <marc:subfield code="a">93 S. : Ill.</marc:subfield>
   </marc:datafield>
</marc:record>
